Plant breeding : (Record no. 14877)
[ view plain ]
| 000 -LEADER | |
|---|---|
| fixed length control field | 00359cam a2200145Ma 4500 |
| 020 ## - INTERNATIONAL STANDARD BOOK NUMBER | |
| ISBN | 0813822807 |
| 020 ## - INTERNATIONAL STANDARD BOOK NUMBER | |
| ISBN | 9780813822808 |
| 040 ## - CATALOGING SOURCE | |
| Transcribing agency | AU@ |
| 082 ## - DEWEY DECIMAL CLASSIFICATION NUMBER | |
| Classification number | 631 FRE 1966 A053 Or. |
| 245 10 - TITLE STATEMENT | |
| Title | Plant breeding : |
| Remainder of title | a symposium held at Iowa State University / |
| 300 ## - PHYSICAL DESCRIPTION | |
| Number of Pages | 430 pages. |
| 650 #0 - SUBJECT ADDED ENTRY--TOPICAL TERM | |
| Topical Term | Plant breeding. |
| 700 1# - ADDED ENTRY--PERSONAL NAME | |
| Personal name | Frey, Kenneth J. |
| 942 ## - ADDED ENTRY ELEMENTS (KOHA) | |
| Koha item type | សៀវភៅភាសាអង់គ្លេស |
| 952 ## - LOCATION AND ITEM INFORMATION (KOHA) | |
| Withdrawn status [LOCAL, KOHA] | 0 |
| Permanent Location | Date acquired | Koha item type | Lost status | Shelving location | Barcode | Current Location | Full call number |
|---|---|---|---|---|---|---|---|
| Library Block A | 2017-10-31 | សៀវភៅភាសាអង់គ្លេស | A053 | A21092 | Library Block A | 631 FRE 1966 A053 Or. |